Economic implications for Ireland of EMU / (Record no. 157171)
[ view plain ]
| 000 -LEADER | |
|---|---|
| fixed length control field | 01020nam a2200289 a 4500 |
| 008 - FIXED-LENGTH DATA ELEMENTS--GENERAL INFORMATION | |
| fixed length control field | |
| 020 ## - INTERNATIONAL STANDARD BOOK NUMBER | |
| International Standard Book Number | 0707001641 (pbk.) |
| 049 99 - LOCAL HOLDINGS (OCLC) | |
| Holding library | MAIN |
| 090 ## - LOCALLY ASSIGNED LC-TYPE CALL NUMBER (OCLC); LOCAL CALL NUMBER (RLIN) | |
| Classification number (OCLC) (R) ; Classification number, CALL (RLIN) (NR) | HG930.5 |
| Local cutter number (OCLC) ; Book number/undivided call number, CALL (RLIN) | ECO |
| 003 - CONTROL NUMBER IDENTIFIER | |
| control field | |
| 005 - DATE AND TIME OF LATEST TRANSACTION | |
| control field | 20230123133932.0 |
| 040 ## - CATALOGING SOURCE | |
| Transcribing agency | NUST |
| 245 00 - TITLE STATEMENT | |
| Title | Economic implications for Ireland of EMU / |
| Statement of responsibility, etc. | [edited by] Terry Baker, John Fitz Gerald and Patrick Honohan. |
| 260 ## - PUBLICATION, DISTRIBUTION, ETC. | |
| Place of publication, distribution, etc. | Dublin : |
| Name of publisher, distributor, etc. | Economic and Social Research Institute, |
| Date of publication, distribution, etc. | 1996. |
| 300 ## - PHYSICAL DESCRIPTION | |
| Extent | v, 362 p. |
| Other physical details | ill. ; |
| Dimensions | 25 cm. |
| 440 1# - SERIES STATEMENT/ADDED ENTRY--TITLE | |
| Title | Policy Research Series / Economic and Social Research Institute ; |
| Volume/sequential designation | paper no. 28. |
| 504 ## - BIBLIOGRAPHY, ETC. NOTE | |
| Bibliography, etc. note | Includes bibliographical references. |
| 610 20 - SUBJECT ADDED ENTRY--CORPORATE NAME | |
| Corporate name or jurisdiction name as entry element | European Union. |
| 650 #0 - SUBJECT ADDED ENTRY--TOPICAL TERM | |
| Topical term or geographic name entry element | Monetary unions |
| Geographic subdivision | European Union countries. |
| 650 #0 - SUBJECT ADDED ENTRY--TOPICAL TERM | |
| Topical term or geographic name entry element | Monetary policy |
| Geographic subdivision | Ireland. |
| 700 1# - ADDED ENTRY--PERSONAL NAME | |
| Personal name | Baker, Terry. |
| 700 2# - ADDED ENTRY--PERSONAL NAME | |
| Personal name | Fitz Gerald, John. |
| 700 1# - ADDED ENTRY--PERSONAL NAME | |
| Personal name | Honohan, Patrick. |
| 710 2# - ADDED ENTRY--CORPORATE NAME | |
| Corporate name or jurisdiction name as entry element | Economic and Social Research Institute. |
| 907 ## - LOCAL DATA ELEMENT G, LDG (RLIN) | |
| a | .b10154668 |
| b | 01-11-06 |
| c | 25-02-05 |
| 942 ## - ADDED ENTRY ELEMENTS (KOHA) | |
| Koha item type | Ordinary Loan Books |
| Call number prefix | HG930.5 |
| Call number suffix | ECO |
| Date last seen | Total Checkouts | Full call number | Barcode | Cost, replacement price | Price effective from | Koha item type | Lost status | Source of classification or shelving scheme | Damaged status | Not for loan | Collection | Withdrawn status | Home library | Current library | Shelving location | Date acquired | Cost, normal purchase price |
|---|---|---|---|---|---|---|---|---|---|---|---|---|---|---|---|---|---|
| 01/23/2023 | HG930.5 ECO | 92003034094 | 80.00 | 01/23/2023 | BOOKS | LCC | NFIC | MAIN | MAIN | GEN | 01/23/2023 | 80.00 |